000 00432nam a2200169Ia 4500
003 GCL
008 140319s9999 xx 000 0 eng d
040 _aGCL /
_cGCL
082 0 4 _a843
_bM D
100 1 _aMOLIERE
245 1 0 _aDOM JUAN OU LE FESTIN DE PIERRE /
_cMOLIERE
260 _a[S.N] :
_bLE LIVRE DE POCHE ،
_c1985
650 0 4 _aLITERATURE
650 0 4 _aFRENCH LANGUAGE
650 0 4 _aFRENCH LITERATURE
942 _2ddc
_cBK
999 _c22362
_d22362